000
00327 a2200157 4500
001
176863
020
_a
040
_c
Magnum
100
_a
Gallindo, Eronides
240
1
0
_a
O serrote invisivel
_l
por
245
1
0
_a
O serrote invisivel
362
0
_a
1899
440
1
_a
Bagaço
697
_a
MAGNITO: J/FICCAO
942
_c
BK
999
_c
176863
_d
176863